Kohn Pedersen Fox : (Record no. 27374)

000 -LEADER
fixed length control field 01683cam a2200385 a 4500
001 - CONTROL NUMBER
control field 2978494
003 - CONTROL NUMBER IDENTIFIER
control field OSt
005 - DATE AND TIME OF LATEST TRANSACTION
control field 20170208112422.0
008 - FIXED-LENGTH DATA ELEMENTS--GENERAL INFORMATION
fixed length control field 920923s1993 nyuab b 000 0 eng
010 ## - LIBRARY OF CONGRESS CONTROL NUMBER
LC control number 92033347
020 ## - INTERNATIONAL STANDARD BOOK NUMBER
International Standard Book Number 0847814866
020 ## - INTERNATIONAL STANDARD BOOK NUMBER
International Standard Book Number 0847814874 (pbk.)
040 ## - CATALOGING SOURCE
Original cataloging agency DLC
Transcribing agency DLC
Modifying agency DLC
043 ## - GEOGRAPHIC AREA CODE
Geographic area code n-us---
050 00 - LIBRARY OF CONGRESS CALL NUMBER
Classification number NA737.K65
Item number K59 1993
082 00 - DEWEY DECIMAL CLASSIFICATION NUMBER
Classification number 720/.92/2
Edition number 20
245 00 - TITLE STATEMENT
Title Kohn Pedersen Fox :
Remainder of title architecture and urbanism, 1986-1992 /
Statement of responsibility, etc. edited by Warren A. James ; introduction by Christian Norberg-Schultz ; essays by Joseph Giovannini ... [et al.] ; postscript by Judith Turner.
260 ## - PUBLICATION, DISTRIBUTION, ETC. (IMPRINT)
Place of publication, distribution, etc. New York :
Name of publisher, distributor, etc. Rizzoli,
Date of publication, distribution, etc. 1993.
300 ## - PHYSICAL DESCRIPTION
Extent 414 p. :
Other physical details ill. (some col.), maps (some col.) ;
Dimensions 31 cm.
500 ## - GENERAL NOTE
General note Cover title: KPF.
504 ## - BIBLIOGRAPHY, ETC. NOTE
Bibliography, etc Includes bibliographical references (p. 406-409).
610 20 - SUBJECT ADDED ENTRY--CORPORATE NAME
Corporate name or jurisdiction name as entry element Kohn Pedersen Fox (Firm)
650 #0 - SUBJECT ADDED ENTRY--TOPICAL TERM
Topical term or geographic name as entry element Architecture
Geographic subdivision United States
General subdivision History
Chronological subdivision 20th century.
650 #0 - SUBJECT ADDED ENTRY--TOPICAL TERM
Topical term or geographic name as entry element Architectural practice, International.
700 1# - ADDED ENTRY--PERSONAL NAME
Personal name James, Warren A.,
Dates associated with a name 1960-
700 1# - ADDED ENTRY--PERSONAL NAME
Personal name Giovannini, Joseph.
740 0# - ADDED ENTRY--UNCONTROLLED RELATED/ANALYTICAL TITLE
Uncontrolled related/analytical title KPF.
740 0# - ADDED ENTRY--UNCONTROLLED RELATED/ANALYTICAL TITLE
Uncontrolled related/analytical title Architecture and urbanism, 1986-1992.
856 42 - ELECTRONIC LOCATION AND ACCESS
Materials specified Contributor biographical information
Uniform Resource Identifier <a href="http://www.loc.gov/catdir/bios/hol054/92033347.html">http://www.loc.gov/catdir/bios/hol054/92033347.html</a>
856 42 - ELECTRONIC LOCATION AND ACCESS
Materials specified Publisher description
Uniform Resource Identifier <a href="http://www.loc.gov/catdir/description/hol042/92033347.html">http://www.loc.gov/catdir/description/hol042/92033347.html</a>
906 ## - LOCAL DATA ELEMENT F, LDF (RLIN)
a 7
b cbc
c orignew
d 1
e ocip
f 19
g y-gencatlg
942 ## - ADDED ENTRY ELEMENTS (KOHA)
Source of classification or shelving scheme
Koha item type Hard Covered Materials
Classification part NA 737 .K65K59 1993
Holdings
Withdrawn status Lost status Source of classification or shelving scheme Damaged status Not for loan Home library Current library Shelving location Date acquired Source of acquisition Total Checkouts Full call number Barcode Date last seen Price effective from Koha item type
          MACHAKOS UNIVERSITY LIBRARY MACHAKOS UNIVERSITY LIBRARY Technical section 08/02/2017 Donation(B.F.A)   NA 737 .K65K59 1993 35026 29/05/2018 08/02/2017 Hard Covered Materials
© Machakos University Library, Along The Highway, Machakos Wote Rd, Machakos, Kenya P.O. Box 136 - 90100 Machakos - Kenya

Tel: ( +254 ) 723 805829 OR Fax : 044-20353 OR Email: library@mksu.ac.ke